000
00302nam a2200109Ia 4500
008
171211s9999 xx 000 0 und d
245
_a
Victorian Poets and the Changing Bible
245
_c
Charles LaPorte
260
_c
2011
650
_x
CULTURE
856
_u
http://down.ebook777.com/063/0813931584.pdf
999
_c
347802
_d
347802